00306nam a2200121Ia 4500008004100000041000800041082001700049100001700066245004900083260001900132365001600151700001700167230718s9999 xx 000 0 und d aeng a621.381bMOT aMotorola Inc aLinear Switchmode Voltage Regulator Handbook c1982bMotorola cRs.b300.00 aMotorola Inc